Statystyki dla Dyscypliny rozgrywane w ZIO Pekin 2022

Kliknij tutaj aby rozwiązać quiz!

Ogólne statystyki

  • Ten quiz został rozwiązany 57 razy
  • Średni wynik to 11 z 15

Statystyki odpowiedzi

Odpowiedź% Poprawnych
14.Skoki narciarskie
98%
2.Biegi narciarskie
91%
8.Łyżwiarstwo figurowe
89%
7.Łyżwiarstwo szybkie
89%
1.Biathlon
87%
5.Hokej na lodzie
87%
9.Narciarstwo alpejskie
80%
4.Curling
76%
11.Saneczkarstwo
70%
15.Snowboarding
70%
3.Bobsleje
67%
6.Kombinacja norweska
67%
12.Short track
61%
13.Skeleton
52%
10.Narciarstwo dowolne
35%

Rozkład punktacji

Percentyl według liczby udzielonych odpowiedzi

Procent ludzi z każdym wynikiem

Twoja historia wyników

Nie rozwiązałeś tego quizu